000 01528nam a2200385Ia 4500
001 ebr10135581
003 CaPaEBR
006 m u
007 cr cn|||||||||
008 030108s2003 nyua sb 001 0 eng d
010 _z 2003041311
015 _aGBA3-X3774
020 _z140397926X
020 _z140396159X
020 _z1403961603 (pbk.)
040 _aCaPaEBR
_cCaPaEBR
035 _a(OCoLC)560465923
050 1 4 _aDT653.3
_b.D86 2003eb
082 0 4 _a967.51
_221
100 1 _aDunn, Kevin C.,
_d1967-
245 1 0 _aImagining the Congo
_h[electronic resource] :
_bthe international relations of identity /
_cKevin C. Dunn.
250 _a1st ed.
260 _aNew York :
_bPalgrave Macmillan,
_c2003.
300 _ax, 221 p. :
_bill.
504 _aIncludes bibliographical references (p. [183]-214) and index.
533 _aElectronic reproduction.
_bPalo Alto, Calif. :
_cebrary,
_d2009.
_nAvailable via World Wide Web.
_nAccess may be limited to ebrary affiliated libraries.
650 0 _aInternational relations.
651 0 _aCongo (Democratic Republic)
_xRelations
_zForeign countries.
651 0 _aCongo (Democratic Republic)
_xForeign public opinion.
651 0 _aCongo (Democratic Republic)
_xPolitics and government.
651 0 _aCongo (Democratic Republic)
_xColonial influence.
655 7 _aElectronic books.
_2local
710 2 _aebrary, Inc.
856 4 0 _uhttp://site.ebrary.com/lib/rucke/Doc?id=10135581
_zAn electronic book accessible through the World Wide Web; click to view
999 _c189728
_d189728